Statistics for Biggest 5 Municipalities in Japanese Prefectures #1 - Kanto

Click here to take the quiz!

General Stats

  • This quiz has been taken 7 times
  • The average score is 21 of 35

Answer Stats

PrefectureAnswer% Correct
KanagawaKawasaki
100%
SaitamaSaitama
100%
KanagawaYokohama
100%
ChibaChiba
100%
ChibaFunabashi
80%
GunmaIsesaki
80%
GunmaMaebashi
80%
IbarakiMito
80%
SaitamaTokorozawa
80%
SaitamaKawagoe
80%
GunmaTakasaki
80%
ChibaKashiwa
80%
KanagawaYokosuka
80%
TochigiUtsunomiya
80%
IbarakiTsukuba
60%
ChibaIchikawa
60%
TokyoSetagaya
60%
TokyoNerima
60%
IbarakiHitachinaka
60%
SaitamaKawaguchi
60%
TokyoEdogawa
60%
IbarakiHitachi
60%
TochigiAshikaga
40%
ChibaMatsudo
40%
SaitamaKoshigaya
40%
KanagawaSagamihara
40%
Gunma | TokyoOta
40%
GunmaKiryu
40%
IbarakiKoga
20%
KanagawaFujisawa
20%
TochigiOyama
20%
TochigiNasushiobara
20%
TokyoAdachi
20%
TochigiSano
0%

Score Distribution

Percentile by Number Answered

Percent of People with Each Score

Your Score History

You have not taken this quiz